000 00428nam a2200169 a 4500
001 0000-8635
003 ELIB.Books
008 110520 1989
035 _a(ELIB.Books)0000-8781
082 _a266
_bGil
100 _aGilliland, Dean S.
245 _aThe Word Among Us
260 _bDallas: Word Publishing
_c1989
650 _aMission
942 _2ddc
_cBK
998 _cbat
_e2011-05-20
_mcat
_u2019-06-25
999 _c8635
_d8635